Braulio Carrillo : Reformador Agrícola de Costa Rica /
Αποθηκεύτηκε σε:
| Κύριος συγγραφέας: | |
|---|---|
| Μορφή: | Άγνωστο |
| Γλώσσα: | Spanish |
| Έκδοση: |
San José, Costa Rica :
Editorial de la Universidad de Costa Rica,
1987.
|
| Θέματα: | |
| Ετικέτες: |
Προσθήκη ετικέτας
Δεν υπάρχουν, Καταχωρήστε ετικέτα πρώτοι!
|
MARC
| LEADER | 000000000a22000000004500 | ||
|---|---|---|---|
| 001 | 003212 | ||
| 020 | |a 9977670595 | ||
| 041 | 0 | |a spa | |
| 082 | 0 | 4 | |a 630.972.86 |b S127b |
| 100 | 1 | |a Sáenz Maroto, Alberto, |d 1914- | |
| 245 | 1 | 0 | |a Braulio Carrillo : |b Reformador Agrícola de Costa Rica / |c Alberto Sáenz Maroto. |
| 260 | 1 | |a San José, Costa Rica : |b Editorial de la Universidad de Costa Rica, |c 1987. | |
| 300 | |a 128 páginas | ||
| 650 | 4 | |a AGRICULTURA | |
| 650 | 4 | |a COSTA RICA | |
| 650 | 4 | |a HISTORIA | |
| 650 | 4 | |a CARRILLO, BRAULIO, 1800 - 1845 | |
| 999 | |c 9495 |d 9495 | ||
| 942 | |c BK |h 630.972.86 S127b |2 z | ||



